000
00252nam a22001217a 4500
003
SGT
082
_a
370
_b
BOR
100
_a
BORDEN, GLORIA J.
245
_a
SPEECH SCIENCE PRIMER
260
_a
BOSTEN
_b
ALLYN
_c
2000
300
_a
258
942
_2
ddc
_c
BK
999
_c
17765
_d
17765